00956cam a22002771 4500001001300000003000400013005001700017008004100034010001700075035001900092040002400111042001200135050002200147082001100169100004300180245014000223260003000363300004700393410007700440504002800517650002600545650003000571650003100601710002900632999001700661gs 48000031 DLC20260227111353.0760622s1947 msuab b 000 0 eng  ags 48000031  a(OCoLC)2274116 aDLCcOTdOCoLCdDLC apremarc00aQE129b.A2 no. 65 a551.491 aBrown, Glen F.q(Glen Francis),d1911-10aGeology and artesian water of the alluvial plain in northwestern Mississippi.cIn cooperation with the United States Geological Survey. aUniversity, Miss.,c1947. a 424 p.billus., maps (part fold.)c23 cm.20aMississippi Geological, Economic, and Topographical SurveytBulletinv65 a"References": p. 58-59. 0aGeologyzMississippi. 0aGroundwaterzMississippi. 0aWater-supplyzMississippi.2 aGeological Survey (U.S.) c28243d28243